00340nam a2200133Ia 4500003000900000008004100009040001300050040001300063245009200076245001100168260001300179300000800192490000600200IT-RoPAU120407s9999 xx 000 0 und d aIT-RoPAU cIT-RoPAU aVengo come un fratello. Il viaggio apostolico di Giovanni Paolo II nei paesi scandinavi cAA.VV. aVaticana c cm v1